Ley 65-00 sobre derecho de autor y sus reformas : (Registro nro. 13693)
[ vista simple ]
| 000 -LIDER | |
|---|---|
| fixed length control field | 01103nam a2200289 a 4500 |
| 001 - NÚMERO DE CONTROL | |
| Identificador de número de control | |
| 003 - IDENTIFICACDOR DE NÚMERO DE CONTROL | |
| control field | DO-SdBNP |
| 005 - DATE AND TIME OF LATEST TRANSACTION | |
| control field | 20210831095449.0 |
| 008 - ELEMENTOS DE LONGITUD FIJA | |
| fixed length control field | 111115s2011 dr 001 0 spa d |
| 040 ## - FUENTE DE CATALOGACIÓN | |
| Agencia que crea de manera original el registro | BPMSU |
| Idioma de catalogación | spa |
| Agencia que realiza la transcripción | BPMSU |
| 049 ## - LOCAL HOLDINGS (OCLC) | |
| Holding library | |
| 082 ## - NÚMERO DE CLASIFICACIÓN DECIMAL DE DEWEY | |
| Classification number | 346.0482 |
| Item number | R426L 2011 |
| Edition number | 22 |
| 092 ## - LOCALLY ASSIGNED DEWEY DECIMAL CALL NUMBER | |
| Número de ítem (Cutter) | |
| 110 2# - ASIENTO PRINCIPAL--NOMBRE CORPORATIVO | |
| Nombre corporativo o de jurisdicción | República Dominicana. |
| 240 13 - TITULO UNIFORME | |
| Título uniforme | [Leyes, etc.] |
| 245 10 - MENCIÓN DE TITULO | |
| Título | Ley 65-00 sobre derecho de autor y sus reformas : |
| Subtítulo | reglamento de aplicación no.362-01 de la ley 65-00 sobre derecho de autor |
| 246 13 - VARIACION DEL TÍTULO | |
| Título propiamente dicho o título corto | Reglamento de aplicación no. 362-01 de la ley 65-00 sobre derecho de autor. |
| 260 ## - PUBLICACIÓN, DISTRIBUCIÓN, ETC. (PIE DE IMPRENTA) | |
| Lugar de publicación, distribución, etc | Santo Domingo : |
| Nombre del editor, distribuidor, etc. | Ministerio de Cultura, |
| Fecha de publicación, distribución, etc | 2011. |
| 300 ## - DESCRIPCIÓN FÍSICA | |
| Extensión | 126 p. ; |
| Dimensiones | 21 cm. |
| 500 ## - NOTA GENERAL | |
| Nota general | Reglamento de aplicación no.362-01 de la ley 65-00 sobre derecho de autor. del 14de marzo del 2001 G.O. No. 10076 |
| 650 #4 - ENCABEZAMIENTO DE MATERIA--TEMÁTICO | |
| Término temático o nombre geográfico como elemento de entrada | Derechos de autor |
| Subdivisión temática general | Legislación |
| 650 #4 - ENCABEZAMIENTO DE MATERIA--TEMÁTICO | |
| Término temático o nombre geográfico como elemento de entrada | Propiedad privada |
| Subdivisión cronológica | 2001 |
| Subdivisión geográfica | República Dominicana |
| Enlace | |
| 651 #4 - ENCABEZAMIENTO DE MATERIA--NOMBRE GEOGRÁFICO | |
| Nombre geográfico | República Dominicana |
| Subdivisión temática general | Ley 65-00 |
| 710 2# - ASIENTO SECUNDARIO -- NOMBRE CORPORATIVO | |
| Nombre corporativo o de jurisdicción | Ministerio de Cultura (República Dominicana) |
| Unidad subordinada | |
| -- | |
| 910 ## - VALIDACIÓN | |
| Validación | Vmateo V. |
| 942 ## - ADDED ENTRY ELEMENTS (KOHA) | |
| Source of classification or shelving scheme | Dewey Decimal Classification |
| Koha item type | Libros |
| Withdrawn status | Lost status | Source of classification or shelving scheme | Damaged status | Not for loan | Collection code | Home library | Current library | Date acquired | Source of acquisition | Total Checkouts | Full call number | Barcode | Date last seen | Price effective from | Koha item type | Copy number |
|---|---|---|---|---|---|---|---|---|---|---|---|---|---|---|---|---|
| Dewey Decimal Classification | Colección Dominicana | Biblioteca Pública Metropolitana Salomé Ureña | Biblioteca Pública Metropolitana Salomé Ureña | 08/31/2021 | ONDA | BPMSU CD 346.0482 R426L 2011 | BPMSU21080110 | 08/31/2021 | 08/31/2021 | Libros | ||||||
| Dewey Decimal Classification | Colección Dominicana | Biblioteca Pública Metropolitana Salomé Ureña | Biblioteca Pública Metropolitana Salomé Ureña | 08/31/2021 | BNPHU | BPMSU CD 346.0482 R426L 2011 | BPMSU21080111 | 08/31/2021 | 08/31/2021 | Libros | e.2 |